[Event "Boardwalk Pearson IM 2020"]
[Site "Port Elizabeth"]
[Date "2020.03.15"]
[Round "7.3"]
[White "Kayonde, Andrew"]
[Black "Oatlhotse, Providence"]
[Result "1-0"]
[WhiteElo "2366"]
[BlackElo "2201"]
[Annotator "TA"]
[PlyCount "53"]
[EventDate "2020.03.11"]
[EventType "tourn"]
[EventCountry "RSA"]
[SourceTitle "playchess.com"]
[Source "ChessBase"]
[SourceQuality "1"]

{[%evp 22,53,52,45,116,104,607,602,861,875,1042,1073,1045,1049,1195,1194,1197,1193,1190,1196,1196,1191,1154,1167,1156,1150,1137,1115,1885,1904,1567,1566,5102,4982]} 1. d4 Nf6 2. Nf3 e6 3. Nbd2 d5 4. e3 c5 5. c3 Nbd7 6. Bd3 Bd6 7. O-O O-O 8. Re1 Qc7 9. e4 cxd4 10. cxd4 dxe4 11. Nxe4 Nxe4 12. Rxe4 Nf6 {D05: Colle System with ...e6.} (12... Nb6 $14) 13. Rh4 $16 {Hoping for Bg5.} h6 $2 {[%mdl 8192] [#]} (13... g6 $16) 14. Bxh6 $1 $18 {[%mdl 512] White is clearly winning.} gxh6 15. Qd2 Bf4 16. Rxf4 Kg7 17. Ne5 Bd7 {[#]} 18. Rxf6 $146 {[%mdl 576] Clearance} ({Predecessor:} 18. Rh4 Rh8 19. Rxh6 {1-0 (19) Kessler,S (1877)-Werther,J (1681) Bad Homburg 2013}) 18... Kxf6 19. Qf4+ Ke7 {[#]} 20. Ng6+ $1 {[%mdl 576] Double Attack, Discovered Attack} Kd8 (20... fxg6 21. Qxc7) 21. Qf6+ Kc8 22. Nxf8 Bc6 23. Rc1 a6 {[#]} 24. d5 $1 exd5 (24... Bxd5 25. Rxc7+) 25. Bf5+ Kb8 {[#]} 26. Nd7+ $1 {[%mdl 576] Pin} Ka7 (26... Bxd7 27. Rxc7) 27. Qd4+ {White took control after the opening. Accuracy: White = 100%, Black = 23%.} 1-0

[Event "Boardwalk Pearson IM 2020"]
[Site "Port Elizabeth"]
[Date "2020.03.16"]
[Round "8.1"]
[White "Munenga, Douglas D"]
[Black "Kayonde, Andrew"]
[Result "0-1"]
[WhiteElo "2357"]
[BlackElo "2366"]
[Annotator "TA"]
[PlyCount "48"]
[EventDate "2020.03.11"]
[EventType "tourn"]
[EventCountry "RSA"]
[SourceTitle "playchess.com"]
[Source "ChessBase"]
[SourceQuality "1"]

{[%evp 13,48,-6,0,0,0,0,0,0,200,0,0,0,0,0,0,0,0,0,0,0,0,0,0,0,0,-57,-52,-137,-120,-111,-112,-303,-303,-312,-264,-740,-706]} 1. e4 c6 2. d4 d5 3. e5 Bf5 4. Nc3 e6 5. g4 Bg6 6. Nge2 Ne7 7. Nf4 c5 8. h4 {B12: Caro-Kann: Advance Variation.} cxd4 9. Nb5 $1 {[%cal Rb5d6]} (9. Qxd4 Nbc6 $17) (9. Nxg6 hxg6 10. Ne2 (10. Qxd4 Nec6 $17) 10... Nec6 $17) 9... Nec6 10. h5 $1 {[%cal Rh5g6] The position is equal.} a6 $2 (10... Be4 $11 11. f3 a6 12. Nd6+ (12. fxe4 axb5 13. exd5 exd5 $14) 12... Bxd6 13. exd6 g5) 11. Nd6+ $2 ({Weaker is} 11. Nxd4 Be4 $11) (11. hxg6 $18 axb5 12. Rxh7 (12. gxh7 Bb4+ 13. Ke2 Nd7 $14)) 11... Bxd6 $11 12. exd6 Be4 13. f3 g5 $1 {[%cal Rg5f4]} 14. Nh3 $1 h6 15. fxe4 dxe4 16. Bg2 f5 17. O-O O-O $1 18. gxf5 exf5 19. c3 (19. Bxe4 $11 fxe4 20. Bxg5 $1 {[%mdl 512]} Rxf1+ 21. Qxf1 Qxd6 22. Qf5) 19... Qxd6 $15 {[#]} 20. Be3 $146 {[#]} (20. Qb3+ $15 Kh8 21. Qa3 Qxa3 22. bxa3) ({Predecessor:} 20. Qb3+ Kh8 21. Bxe4 fxe4 22. Rxf8+ Qxf8 23. Qe6 Nd7 24. Qxd7 Rd8 25. Qg4 e3 26. b3 {0-1 (43) Topalov,V (2700)-Anand,V (2781) Linares 1999}) 20... d3 $1 $17 21. Qb3+ {[%mdl 64] Double Attack} Kh8 22. Qxb7 $2 {[#]} (22. Rxf5 $17 Rxf5 23. Qxb7) 22... Nd7 $1 $19 {...Rfb8 is the strong threat.} 23. Rxf5 {Hoping for Nf2.} Rfb8 24. Rd5 $2 (24. Qxd7 Qxd7 25. Rf6) 24... Qxd5 {Accuracy: White = 54%, Black = 93%.} (24... Rxb7 $2 {too greedy.} 25. Rxd6 Nde5 26. Bxe4 $18 {[%mdl 64] Double Attack}) 0-1

[Event "Boardwalk Pearson IM 2020"]
[Site "Port Elizabeth"]
[Date "2020.03.16"]
[Round "8.2"]
[White "Oatlhotse, Providence"]
[Black "Van Zyl-Rudd, Jack"]
[Result "1/2-1/2"]
[WhiteElo "2201"]
[BlackElo "2277"]
[Annotator "TA"]
[PlyCount "104"]
[EventDate "2020.03.11"]
[EventType "tourn"]
[EventCountry "RSA"]
[SourceTitle "playchess.com"]
[Source "ChessBase"]
[SourceQuality "1"]

{[%evp 10,104,10,0,0,0,8,-52,-42,-52,-34,-93,-87,-93,-96,-80,-77,-92,-37,-38,-56,-92,-50,-50,-47,-45,-34,-37,-37,-33,-32,-33,-31,-32,-35,-39,-36,-33,-37,-27,-20,-49,-46,-44,-44,-47,-44,-52,-28,-26,-16,-29,-10,-10,-8,-57,-37,-59,-52,-60,-60,-63,-16,-16,-14,-23,-16,-18,0,-38,-38,-38,-38,-106,-99,-106,-112,-104,-102,-110,-66,-66,-81,-169,-169,-169,-169,-169,-169,-169,-169,-168,0,0,0,0,0]} 1. c4 e5 2. g3 c6 3. Nf3 e4 4. Nd4 d5 5. cxd5 Qxd5 6. e3 Bc5 {A20: English Opening: 1...e5.} 7. Nc3 Qe5 8. f4 ({White should try} 8. Bg2 $11) 8... Qe7 $15 {Black is slightly better.} 9. Bg2 Nf6 {[#]} 10. Qc2 $146 (10. Nde2 $15) ({Predecessor:} 10. Nde2 Bf5 11. h3 h5 12. a3 a5 13. Qc2 Nbd7 14. g4 hxg4 15. Ng3 g6 16. Nxf5 gxf5 {0-1 (25) Najart,D (2280)-Neelotpal,D (2406) Vaujany 2019}) 10... Na6 $17 {...Nb4 is the strong threat.} 11. a3 {[#]} Bxd4 $1 12. exd4 {[%cal Rc3e4]} O-O 13. O-O Qd6 (13... Bf5 $17 14. Nd1 Qd7) 14. Nxe4 $15 Qxd4+ 15. Kh1 Bf5 16. Nxf6+ $1 Qxf6 17. Qc3 Qe6 18. b4 Be4 19. Bb2 {[%csl Gb2][%cal Rc3g7] [#]} Bxg2+ 20. Kxg2 {[%csl Gb2][%cal Rc3g7]} Qd5+ 21. Kg1 {[%csl Gb2][%cal Rc3g7]} f6 22. Rae1 Rad8 23. Rf2 Rd7 24. Rfe2 Rfd8 25. Re8+ Rxe8 26. Rxe8+ Kf7 27. Qe3 Nc7 28. Re4 $1 Nb5 29. a4 Nd6 30. Rd4 Qe6 31. Qxe6+ Kxe6 $11 {[%mdl 4096] Endgame KRB-KRN} 32. g4 g6 33. Rd3 f5 34. Re3+ Kf7 $1 {Strongly threatening ...Nc4.} 35. Rh3 fxg4 (35... Ke8 {with more complications.} 36. gxf5 Nxf5 37. Bc3 a6 38. Kf2 h5) 36. Rxh7+ Ke6 37. Rxd7 Kxd7 {KB-KN} 38. Bd4 a6 39. Kg2 Ke6 40. d3 Nf5 41. Bf2 (41. Bc5 $15) 41... Ne7 $17 42. Be3 Nd5 43. Bd2 Kf5 44. Kg3 Nf6 45. a5 Nd5 46. Kg2 (46. Kf2 $17) 46... Nxf4+ $19 47. Bxf4 Kxf4 {KP-KP} 48. Kf2 Kg5 49. Kg3 Kf5 50. Kg2 Kg5 $2 (50... Ke5 $19 {And now ...Kd4 would win.} 51. Kg3 Kf5) 51. Kg3 $11 Kh5 {Hoping for ...Kg5.} 52. Kf2 $1 Kg5 {Accuracy: White = 73%, Black = 87%.} 1/2-1/2

[Event "Boardwalk Pearson IM 2020"]
[Site "Port Elizabeth"]
[Date "2020.03.16"]
[Round "9.1"]
[White "Munenga, Douglas D"]
[Black "Van Zyl-Rudd, Jack"]
[Result "1/2-1/2"]
[WhiteElo "2357"]
[BlackElo "2277"]
[Annotator "TA"]
[PlyCount "28"]
[EventDate "2020.03.11"]
[EventType "tourn"]
[EventCountry "RSA"]
[SourceTitle "playchess.com"]
[Source "ChessBase"]
[SourceQuality "1"]

{[%evp 13,28,28,27,11,50,39,47,33,13,18,27,-8,11,-25,-18,-44,-53]} 1. e4 Nc6 2. Nf3 d6 3. c3 Nf6 4. d4 g6 5. h3 Bg7 6. Be3 O-O 7. Bd3 e5 8. Nbd2 {B07: Pirc Defence: Miscellaneous Systems.} (8. d5 $5 {[%cal Rd5c6]} Ne7 9. c4 $11) 8... h6 9. O-O Nh5 10. b4 {[#] White is slightly better.} exd4 $146 ({Predecessor:} 10... a6 11. dxe5 dxe5 12. Bc4 Nf4 13. a4 Be6 14. Bxe6 fxe6 15. Kh2 g5 16. Ne1 Qe8 {1-0 (41) Ferguson,M (2393)-Swanson,S (2263) England 2010}) 11. Nxd4 Re8 12. b5 Ne5 13. Be2 Nf6 $1 14. f4 Ned7 {White got outplayed after the opening. Accuracy: White = 52%, Black = 84%.} 1/2-1/2

[Event "Boardwalk Pearson IM 2020"]
[Site "Port Elizabeth"]
[Date "2020.03.16"]
[Round "9.2"]
[White "Kayonde, Andrew"]
[Black "Cawdery, Daniel"]
[Result "1/2-1/2"]
[WhiteElo "2366"]
[BlackElo "2418"]
[Annotator "TA"]
[PlyCount "58"]
[EventDate "2020.03.11"]
[EventType "tourn"]
[EventCountry "RSA"]
[SourceTitle "playchess.com"]
[Source "ChessBase"]
[SourceQuality "1"]

{[%evp 18,58,0,0,0,0,3,0,38,0,0,0,0,0,0,0,0,0,0,0,0,0,0,0,0,0,0,0,13,13,18,-45,0,0,0,0,0,0,0,0,0,0,0]} 1. d4 Nf6 2. c4 g6 3. Nc3 d5 4. Bf4 Bg7 5. e3 c5 6. dxc5 Qa5 7. Rc1 dxc4 8. Bxc4 O-O 9. Nge2 Qxc5 10. Qb3 {Threatens to win with Nb5.} Nc6 {D82: Grünfeld: 4 Bf4.} 11. Nb5 Qh5 12. Ng3 Qg4 {White must now prevent ...e5.} 13. Nc7 e5 $1 {[%cal Re5f4]} 14. Bg5 Qxg5 15. h4 Qg4 {Hoping for ...Rb8.} 16. Nxa8 Na5 17. Qb5 Nxc4 18. Rxc4 Bd7 19. Qb4 e4 $1 {Strongly threatening ...b5.} 20. Nc7 Bc6 {And now ...Qd7 would win.} 21. Qd6 h5 (21... Rc8 22. f3 Bf8 23. Qxf8+ Kxf8 24. fxg4 Rxc7 25. g5 Ng4 26. Rc3 Rd7 27. Ne2 Ne5 28. Nd4 Nd3+ 29. Ke2 Nf4+ 30. exf4 Rxd4 {1-0 (44) Kayonde,A (2394)-Cawdery,D (2429) Pretoria 2018}) 22. b3 Rc8 23. a4 a6 {[#]} 24. Qe7 $146 (24. f3 $11 Qd7 25. Qxd7 Nxd7 26. Nd5) ({Predecessor:} 24. f3 exf3 25. Rxg4 Nxg4 26. gxf3 Be5 27. Qd2 Bxg3+ 28. Ke2 Bxc7 29. fxg4 Bxh1 30. Qd7 Rf8 31. Qxc7 hxg4 32. Qf4 Bf3+ 33. Kf2 Re8 34. Qg5 Kh7 35. a5 Re6 {½-½ (35) Stronsky,V (2389)-Ziese,G (2461) ICCF email 2012}) 24... Bd5 (24... Nh7 $5 {[%cal Rg7f6]} 25. O-O Bf8 $15) 25. Nxd5 {The position is equal.} Nxd5 26. Rxc8+ ({But not} 26. Qxe4 Rxc4 27. Qxd5 Bc3+ 28. Kf1 {[#]} Rd4 $1 $17 {[%mdl 512]}) 26... Qxc8 27. Qxe4 Qc1+ 28. Ke2 Qb2+ {[%mdl 64] [#] Double Attack} 29. Kf1 Qc1+ {An uneventful encounter. Accuracy: White = 84%, Black = 89%.} 1/2-1/2

[Event "Boardwalk Pearson IM 2020"]
[Site "Port Elizabeth"]
[Date "2020.03.16"]
[Round "9.3"]
[White "Oatlhotse, Providence"]
[Black "Fernandes, Antonio"]
[Result "1/2-1/2"]
[WhiteElo "2201"]
[BlackElo "2353"]
[Annotator "TA"]
[PlyCount "290"]
[EventDate "2020.03.11"]
[EventType "tourn"]
[EventCountry "RSA"]
[SourceTitle "playchess.com"]
[Source "ChessBase"]
[SourceQuality "1"]

{[%evp 16,290,12,0,0,0,0,0,19,0,29,23,86,76,77,81,126,113,112,93,115,87,87,77,66,0,0,0,0,0,0,-7,-12,-41,-60,-36,-45,-46,-59,-55,-28,-29,0,0,0,-8,-16,-19,0,0,10,0,-1,-3,0,2,0,0,8,0,0,0,0,0,0,0,3,0,0,0,0,0,0,0,0,0,0,0,0,0,0,-8,0,0,0,0,0,0,0,0,0,0,0,0,8,8,8,8,8,0,10,0,10,10,111,117,163,12,18,0,156,150,268,177,974,91,91,91,91,8,8,8,8,8,10,10,10,10,10,10,10,10,10,10,10,0,10,8,10,8,10,10,10,10,10,10,10,10,10,10,10,10,10,10,10,10,10,8,8,0,10,10,10,10,10,8,8,8,8,8,8,8,8,8,8,8,8,8,8,3,3,3,3,0,3,3,3,3,3,3,3,3,3,3,3,3,3,3,3,3,3,3,3,3,3,3,3,3,3,3,3,3,3,3,3,3,3,3,3,0,3,3,3,0,0,0,0,0,0,0,0,0,0,0,0,0,0,0,0,0,0,0,0,0,0,0,0,0,0,0,0,0,0,0,0,0,0,0,0,0,0,0,0,0,0,0,0,0,0,0,0,0,0,0,0,0,0]} 1. c4 Nf6 2. Nf3 g6 3. b3 Bg7 4. Bb2 O-O 5. g3 c6 6. Bg2 d6 7. O-O e5 8. d3 Nbd7 9. Nbd2 Re8 {A15: English Opening: 1...Nf6.} 10. Qc2 a5 11. a3 Qe7 12. Rac1 {[#]} Nh5 $146 ({Predecessor:} 12... Nc5 13. Rfe1 h6 14. h3 e4 15. dxe4 Nfxe4 16. Bxg7 Kxg7 17. b4 axb4 18. axb4 Nxd2 19. Nxd2 {1-0 (43) Vorobjov,P (2156)-Hansen,T (2469) Istanbul 2012}) 13. b4 f5 (13... axb4 $11 14. axb4 d5) 14. e4 $16 axb4 15. axb4 c5 {[#]} 16. exf5 $1 gxf5 17. bxc5 Nxc5 18. d4 Na4 19. Ra1 Bd7 20. c5 ({White should try} 20. Nh4 $14) 20... e4 $1 $11 {[%cal Rd6c5]} 21. cxd6 Qxd6 22. Ne5 Rec8 23. Qb3+ Be6 24. Ba3 Qxe5 25. dxe5 Bxb3 26. Nxb3 Bxe5 27. Rae1 $1 Rc3 28. Rb1 Rd3 29. Bb4 Rc8 30. Bh3 Ng7 $1 31. Rfe1 Rc2 32. Bf1 Rd8 33. Na5 Nb2 34. Nxb7 Rb8 35. Bd6 Bxd6 36. Nxd6 Rd8 37. Nb5 Ne6 38. Na3 Rcd2 39. Nc4 Nxc4 40. Bxc4 Kf7 41. f3 Rc8 42. Bb3 Kf6 43. fxe4 Ng5 {And now ...Nf3+ would win.} 44. e5+ Ke7 45. Re3 Nh3+ 46. Kh1 Nf2+ 47. Kg1 Nh3+ 48. Kf1 Rf2+ 49. Ke1 Rg2 {aiming for ...Rg1+.} 50. Bd1 {Black must now prevent Rb7+.} Rg1+ 51. Ke2 Rg2+ 52. Ke1 Rg1+ 53. Kd2 {Rb7+ is the strong threat.} Rd8+ 54. Kc2 Nf2 {[%cal Rd8d1]} 55. Rb7+ Ke6 56. Rb6+ Ke7 $1 $132 {[%mdl 2048] Black puts up resistance} 57. Rb7+ Ke6 58. Rb6+ Ke7 $1 59. Bf3 {Hoping for Rh6.} Rc8+ (59... Ne4 $11 {keeps the balance.} 60. Bxe4 fxe4) 60. Kd2 $16 Rgc1 {[%csl Gc1][%cal Rc8c2]} 61. Rb7+ $2 (61. Ra3 $18) 61... Ke6 $1 $11 {[%csl Gc1][%cal Rc8c2]} 62. Rb6+ ({White should play} 62. Rb2 $11) 62... Ke7 $16 {[%csl Gc1][%cal Rc8c2]} 63. Reb3 R1c5 (63... Ng4 $16 {is a better defense.}) 64. Rb7+ Ke6 $2 (64... R5c7 65. Ke3 Ng4+ 66. Kf4 Nxh2) 65. Ke3 $2 (65. R3b6+ $18 {is the precise move to win.} R8c6 66. Rxc6+ Rxc6 67. Bxc6 Kxe5 68. Rxh7) 65... Ng4+ 66. Bxg4 $1 fxg4 {[#]} 67. Rxh7 (67. Kf4 $1 $16) 67... Rxe5+ {[%mdl 4096] Endgame KRR-KRR. The position is equal.} 68. Kd2 Rd8+ 69. Rd3 Rxd3+ 70. Kxd3 $11 {KR-KR} Kf6 71. Ra7 Re1 72. Ra5 Kg6 73. Rb5 Kf6 74. Rc5 Kg6 75. Rb5 Kf6 76. Kd2 Re4 77. Rd5 Kg6 78. Ra5 Kf6 79. Ra2 Kf5 80. Kd3 {Threatens to win with Ra5+.} Re1 81. Rf2+ Kg5 82. Re2 Rh1 83. Ke3 Ra1 84. Kf2 Rh1 85. Kg2 Ra1 86. Re5+ Kf6 87. Re2 (87. Rd5 {feels hotter.} Ra2+ 88. Kg1 Ra1+ 89. Kf2 Ra2+ 90. Ke3) 87... Kf5 88. Rf2+ Kg5 89. Rb2 Ra5 90. h3 gxh3+ 91. Kxh3 Rc5 92. Rb8 Ra5 93. Rg8+ Kh5 94. Rh8+ Kg5 95. Re8 Rb5 96. Rg8+ Kh5 97. g4+ Kh6 98. Rh8+ Kg6 99. Rg8+ Kh6 100. Kh4 Rb1 101. Rc8 Rh1+ 102. Kg3 {White threatens Rh8+ and mate.} Rg1+ 103. Kf3 Ra1 104. Rc6+ Kg5 105. Rc5+ Kg6 106. Kg3 Ra8 107. Rb5 Ra7 108. Rb8 Ra1 109. Rg8+ Kh6 110. Rf8 Kg6 111. Rf3 Rb1 112. Re3 Ra1 113. Re8 Kf7 114. Rc8 Kg6 115. Rc6+ Kg5 116. Rc5+ Kg6 117. Rc8 Ra2 118. Rg8+ Kh6 119. g5+ Kh5 120. g6 Kg5 121. Kf3 Ra4 122. Ke3 Rb4 123. Kd3 Ra4 124. Kc3 Re4 125. Kd3 (125. g7 {keeps more tension.} Kf6 126. Rh8 Kxg7 127. Ra8 Re6 128. Kd4) 125... Rb4 126. Kc3 (126. g7 {looks sharper.} Kf6 127. Rd8 Kxg7 128. Rd7+ Kf8 129. Rd8+) 126... Ra4 127. Kb3 Re4 128. Kc3 Ra4 129. Kb3 Ra5 130. Kb4 Rd5 131. Kc4 Re5 132. Kd4 Rb5 133. Kc4 Ra5 134. Kb4 Ra1 135. Kc5 Ra2 136. Kd6 Ra1 137. Ke7 Ra7+ 138. Ke6 Ra6+ 139. Kf7 Ra7+ 140. Ke6 Ra1 141. Kf7 Ra7+ 142. Ke6 Ra2 143. Kf7 Ra7+ 144. Ke6 Ra5 145. Kf7 Ra7+ {Accuracy: White = 91%, Black = 89%.} 1/2-1/2

[Event "Boardwalk Pearson IM 2020"]
[Site "Port Elizabeth"]
[Date "2020.03.17"]
[Round "10.1"]
[White "Fernandes, Antonio"]
[Black "Munenga, Douglas D"]
[Result "1/2-1/2"]
[WhiteElo "2353"]
[BlackElo "2357"]
[Annotator "TA"]
[PlyCount "158"]
[EventDate "2020.03.11"]
[EventType "tourn"]
[EventCountry "RSA"]
[SourceTitle "playchess.com"]
[Source "ChessBase"]
[SourceQuality "1"]

{[%evp 12,158,12,16,5,4,31,12,18,10,24,-25,33,-25,0,-31,0,-17,-17,-17,0,-35,-23,-37,0,-23,-31,-89,-101,-112,-124,-119,-115,-101,-80,-145,-117,-176,-71,-68,-61,-47,-73,-52,-66,-99,-102,-93,-96,-103,-107,-70,-79,-76,-52,-50,-37,-41,-55,-41,-47,-33,-13,-27,-33,-74,-15,-14,0,0,17,0,3,4,4,10,8,10,25,0,0,0,0,0,0,0,0,0,0,0,0,0,0,0,0,0,0,0,0,0,0,0,0,0,0,0,0,0,0,0,0,0,0,0,0,0,0,0,0,0,0,0,0,0,0,0,0,0,0,0,0,0,0,0,0,0,0,0,0,0,0,0,0,0,0,0,0,0,0]} 1. Nf3 d5 2. g3 Nf6 3. Bg2 Bf5 4. O-O e6 5. d3 Be7 6. Nbd2 h6 7. Re1 O-O {A07: Réti Opening: New York and Capablanca Systems.} 8. b3 c5 9. Bb2 Nc6 10. e4 Bh7 11. h3 {[#]} Re8 $146 (11... dxe4 $11 12. dxe4 (12. Nxe4 Nxe4 13. dxe4 Bf6 $11) 12... Qc7) ({Predecessor:} 11... Qc7 12. Nh2 dxe4 13. dxe4 Rfd8 14. Qc1 Nd4 15. a4 Rac8 16. Nc4 Nh5 17. Ng4 Bg5 {1-0 (45) Gazik,V (2431)-Hakobyan,A (2288) Porto Carras 2015}) 12. Nh2 (12. Ne5 $14) 12... Nd4 13. f4 Rc8 14. Nhf3 Qc7 15. Ne5 Rcd8 16. c3 Nc6 17. Nxc6 bxc6 18. Qe2 c4 19. d4 (19. dxc4 $15 Qb6+ 20. Kf1) 19... Rb8 $17 20. b4 {[#]} c5 $1 {[%mdl 512]} 21. dxc5 (21. bxc5 Rxb2) 21... Bxc5+ 22. Kh2 Bb6 23. Qf1 ({White should try} 23. a4) 23... Qc6 24. f5 (24. e5 $17 {is a better defense.} Bd3 25. Qh1) 24... dxe4 (24... Rbd8 $19 25. a4 dxe4 26. Qxc4 Qxc4 27. Nxc4 Bc7 28. Bxe4 Nxe4 29. Rxe4 Bxf5) 25. Nxe4 exf5 26. Nxf6+ Qxf6 27. Qxc4 Rec8 28. Qf1 Bc7 29. Qf2 f4 30. gxf4 Bxf4+ 31. Kh1 Bg6 32. a3 Qg5 33. Bc1 $1 {[%cal Rc1f4]} Bxc1 34. Raxc1 a5 35. Qd4 axb4 36. axb4 Bf5 37. Kh2 Be6 38. Qf2 Rc7 ({Black should play} 38... Rb5 $17) 39. Qg3 $11 Qe7 40. Bd5 Rbc8 41. Rc2 Qd7 42. Rg2 {[%csl Gg2][%cal Rg3g7] [#]} g5 $132 {[%mdl 2048] Black puts up resistance} 43. Bxe6 fxe6 44. Re3 Qg7 {[%cal Rc7c3]} 45. Rxe6 Rxc3 {The position is equal.} 46. Qd6 R3c6 47. Qd5 Qc7+ 48. Rd6+ Qf7 49. b5 (49. Qxf7+ {is interesting.} Kxf7 50. Rf2+ Kg7 51. Rxc6 Rxc6 52. b5) 49... Qxd5 50. Rxd5 {[%mdl 4096] Endgame KRR-KRR} Rc2 51. Rd8+ (51. Rf5 {with more complications.} R8c3 52. Rxc2 Rxc2+ 53. Kg1 Rb2 54. Rc5) 51... Rxd8 52. Rxc2 {KR-KR} Rb8 53. Rb2 Rb6 54. Kg3 Kf7 55. Kf3 Ke6 56. Ke4 h5 57. Kd4 Kd6 58. Kc4 Kc7 59. Rf2 Rg6 60. Kc5 Rg7 61. b6+ Kb7 62. Ra2 {White threatens Ra7+ and mate.} Kb8 63. Kc6 g4 64. hxg4 hxg4 65. Rf2 {[%cal Rf2f8]} Rg8 66. Rf7 g3 {White must now prevent ...Rg6+.} 67. Rb7+ Ka8 (67... Kc8 $5 68. Rc7+ $8 Kb8 69. Rb7+ Ka8 70. Ra7+ Kb8 71. Rb7+ $11) 68. Ra7+ Kb8 {...Rg6+ is the strong threat.} 69. Rb7+ Ka8 {( -> ...Rg6+)} (69... Kc8 $5 70. Rc7+ $8 Kb8 71. Rb7+ $11) 70. Ra7+ Kb8 {Hoping for ...Rg6+.} 71. Ra1 g2 72. Rg1 Rg5 73. b7 Rg6+ (73... Rg3 {seems wilder.} 74. Kd5 Kxb7 75. Ke4 Rb3 76. Rxg2 Rb4+) 74. Kd5 Kxb7 75. Ke4 Kc6 76. Kf3 Kd5 77. Rd1+ Ke5 78. Re1+ Kf5 79. Rg1 Ra6 {Accuracy: White = 82%, Black = 86%.} 1/2-1/2

[Event "Boardwalk Pearson IM 2020"]
[Site "Port Elizabeth"]
[Date "2020.03.17"]
[Round "10.2"]
[White "Cawdery, Daniel"]
[Black "Oatlhotse, Providence"]
[Result "1-0"]
[WhiteElo "2418"]
[BlackElo "2201"]
[Annotator "TA"]
[PlyCount "95"]
[EventDate "2020.03.11"]
[EventType "tourn"]
[EventCountry "RSA"]
[SourceTitle "playchess.com"]
[Source "ChessBase"]
[SourceQuality "1"]

{[%evp 21,95,29,51,50,56,56,49,51,57,60,58,54,57,50,53,55,55,56,191,172,179,154,212,196,215,215,212,215,222,210,202,216,214,179,259,261,250,180,247,243,214,197,274,243,320,324,316,318,307,314,341,335,343,342,333,333,357,357,352,294,665,646,875,789,959,893,872,866,1541,1454,1407,1279,1802,1797,6636,6401]} 1. e4 c5 2. Nf3 d6 3. d4 cxd4 4. Nxd4 Nf6 5. Nc3 a6 6. Bg5 e6 7. f4 h6 8. Bh4 Be7 9. Qf3 Qc7 10. O-O-O Nbd7 11. Be2 b5 12. Bxf6 {B99: Sicilian Najdorf: 6 Bg5 e6 7 f4 Be7 8 Qf3 Qc7 9 0-0-0 Nbd7.} Nxf6 13. e5 $1 {[%cal Re5f6]} Bb7 14. Qg3 {aiming for Ncxb5.White is slightly better.} dxe5 15. fxe5 {Hoping for Ndxb5.} Nd5 16. Nxe6 $1 ({Reject} 16. Qxg7 Bg5+ 17. Kb1 Nxc3+ 18. bxc3 O-O-O $15) 16... fxe6 17. Qg6+ $1 Kd7 {[#]} 18. Bg4 $1 {[%mdl 512]} Qxe5 19. Nxd5 {And now Bxe6+! would win.} Bxd5 {[#] This move loses the game for Black.} (19... Qg5+ $1 $14 20. Qxg5 (20. Ne3+ Kc7 $11) 20... Bxg5+ 21. Kb1 Bxd5 22. Rxd5+ Kc7 23. Rc5+ (23. Bxe6 Rad8 $14) 23... Kb6) 20. Rxd5+ $1 $18 {[%mdl 512]} Qxd5 {[#]} 21. Rd1 $1 $36 {[%mdl 2560] [#] White is really pushing.} Bg5+ {[#]} (21... Qxd1+ $1 $16 {was necessary.} 22. Kxd1 Rad8) 22. Kb1 $1 {[%mdl 512]} Qxd1+ 23. Bxd1 Bf6 24. Qf7+ {[%mdl 1024] White has strong compensation.} Kd6 25. Bf3 Rab8 26. Qa7 Rhd8 {[#]} 27. Bg4 $146 ({Predecessor:} 27. a3 a5 28. Qxa5 Ke7 29. Qc7+ Kf8 30. Bh5 Be7 31. Qe5 Bf6 32. Qxe6 Rb7 33. c3 {1-0 (40) Boll,P-Johansson,E ICCF corr 1978}) 27... Ra8 (27... b4 $142 28. Qxa6+ Ke7 29. Qxe6+ Kf8) 28. Qb6+ Ke7 29. Qxe6+ Kf8 {If Black can now play ...Re8 this consolidates a bit.} 30. Bh5 {[%csl Gh5][%cal Re6f7]} Ra7 {[#] Threatens to win with ...Re7.} 31. a3 $1 Re7 (31... Rda8 $142 32. Bg6 Re7) 32. Qxa6 Re1+ 33. Ka2 Re5 34. Bg6 Rg5 35. Be4 Kg8 36. g4 Re5 37. Bd3 Rb8 38. Qd6 Rd8 39. Qb6 Rdd5 40. Qb7 Rxd3 $2 (40... Kh8 41. h3 Kg8) 41. cxd3 {[%mdl 4096] Endgame KQ-KRB. White is clearly winning.} Kh7 42. d4 Re3 43. Qxb5 Bxd4 44. a4 {[%cal Ba3a4,Ba4a5,Ba5a6][%mdl 32]} Bf6 45. a5 Re5 46. Qd3+ g6 47. a6 Re7 48. Qd6 {Accuracy: White = 97%, Black = 45%.} 1-0